Random Logo Quiz - Statistics

General Stats
  • This quiz has been taken 33 times
  • The average score is 13 of 20
Answer Stats
Picture Answer % Correct
Amazon
97%
Apple
93%
Ford
93%
Honda
93%
Hot Wheels
90%
BBC
83%
Pringles
83%
Bentley
70%
LinkedIn
67%
Chick Fil A
60%
The New York Times
60%
Alfa Romeo
57%
Skoda
53%
Toblerone
53%
Atari
47%
Dole
47%
Citi
37%
Gerber
30%
Prada
30%
Bass Pro Shops
20%
No matching quizzes found
Score Distribution
Percent of People with Each Score
Percentile by Number Answered
Your Score History
You have not taken this quiz